000 00457nam a2200193Ia 4500
005 20240823023252.0
008 240823s9999||||xx |||||||||||||| ||und||
020 _a81-312-0794-3
041 _aENGLISH
082 _A658.0072 P7
100 _aJimme Keizer et al.
245 0 _aBusiness Research Projects
250 _a1st
260 _c2007
_bEls
_aJapan
500 _aYES
650 _aProjects
_bManagement Studies
942 _cBK
999 _c181138
_d181138